| 000 | 00622nam a2200229Ia 4500 | ||
|---|---|---|---|
| 003 | OSt | ||
| 005 | 20230602110508.0 | ||
| 008 | 210423s2015 xx 000 0 und d | ||
| 020 | _a978-81-8152-362-4 | ||
| 040 | _cAL | ||
| 041 | _aeng | ||
| 082 | _a361.614 RAJH | ||
| 100 |
_aRAJU (P S Rama) _9118666 |
||
| 245 | _aHuman rights and social welfare | ||
| 260 |
_aJaipur _bBook Enclave _c2015 |
||
| 300 |
_av,294 _bHB |
||
| 365 |
_b1495 _cINR |
||
| 650 |
_aSocial Problems & Services _9118667 |
||
| 650 |
_aSocial Problems & Social Welfare _9118668 |
||
| 906 | _aHuman ; rights ; social ; welfare | ||
| 942 |
_2ddc _cBK |
||
| 999 |
_c176468 _d176468 |
||